000 00609nam a2200265Ia 4500
005 20260306164158.0
008 008 260114s9999 xx 000 0 eng d
020 _a9781452947655
037 _aEBOOK
040 _aCRL
040 _beng
040 _cCRL
041 _2eng
041 _aeng
084 _qCRL
100 _aFontenay
_91130158
245 0 _aWithout Offending Humans
260 _bUniversity of Minnesota Press
260 _c2015
650 _aPhilosophy
856 _uhttps://academic.oup.com/book/17477
942 _cEBOOK
999 _c1713063
_d1713063